Statistics for Quintuple Fast Typing A to Z - 15 Second Sprint

Click here to take the quiz!

General Stats

  • This quiz has been taken 11,496 times
  • The average score is 38 of 130

Answer Stats

letter % Correct
a
100%
b
96%
c
94%
d
92%
e
91%
f
90%
g
89%
h
88%
i
87%
j
86%
k
86%
l
85%
m
84%
n
82%
o
82%
p
81%
q
80%
r
79%
s
79%
t
78%
u
77%
v
76%
w
74%
x
72%
y
71%
z
69%
A
64%
B
61%
C
60%
D
58%
E
57%
F
55%
G
53%
H
52%
I
50%
J
48%
K
46%
L
45%
M
44%
N
43%
O
42%
P
40%
Q
38%
R
36%
S
34%
T
33%
U
32%
V
30%
W
28%
X
26%
Y
25%
Z
24%
A
21%
B
20%
C
19%
D
18%
E
18%
F
17%
G
16%
H
15%
I
15%
J
14%
K
13%
L
13%
M
13%
N
12%
O
11%
P
11%
Q
10%
R
10%
S
10%
T
9%
U
9%
V
9%
W
8%
X
8%
Y
7%
Z
7%
A
7%
F
6%
E
6%
D
6%
C
6%
B
6%
G
5%
H
5%
I
5%
J
5%
K
5%
L
5%
M
5%
N
5%
T
4%
W
4%
V
4%
U
4%
S
4%
O
4%
R
4%
P
4%
Q
4%
X
3%
Y
3%
Z
3%
A
3%
C
3%
D
3%
E
3%
F
3%
B
3%
M
2%
P
2%
O
2%
N
2%
J
2%
L
2%
K
2%
I
2%
H
2%
G
2%
Q
1%
R
1%
S
1%
T
1%
U
1%
V
1%
W
1%
X
1%
Y
1%
Z
1%

Score Distribution

Percentile by Number Answered

Percent of People with Each Score

Your Score History

You have not taken this quiz